000 00695cam a2200229 a 4500
001 4946658
005 20250214103740.0
008 961119s1998 njua 001 0 eng
020 _a0138492581 (pbk.)
050 0 0 _aHF5691
_b.C26 1998
082 0 0 _a650/.01/513
_221
100 1 _aCain, Jack.
245 1 0 _aMathematics for business careers /
_cJack Cain, Robert A. Carman.
250 _a4th ed.
260 _aUpper Saddle River, N.J. :
_bPrentice Hall,
_cc1998.
300 _axx, 729 p. :
_bill. ;
_c29 cm.
500 _aIncludes index.
650 0 _aBusiness mathematics.
650 0 _aBusiness mathematics
_xProblems, exercises, etc.
700 1 _aCarman, Robert A.
942 _2lcc
_cBK
_n0
999 _c3853
_d3853